Génesis /
Kaydedildi:
| Yazar: | |
|---|---|
| Materyal Türü: | Kitap |
| Dil: | Spanish |
| Baskı/Yayın Bilgisi: |
San José, Costa Rica :
Editorial Costa Rica
2007
|
| Edisyon: | 1. edición |
| Konular: | |
| Etiketler: |
Etiketle
Etiket eklenmemiş, İlk siz ekleyin!
|
MARC
| LEADER | 00000nam a22000007a 4500 | ||
|---|---|---|---|
| 008 | 140731s2007 cr f |||| 000 d spa d | ||
| 020 | |a 9789977238685 | ||
| 040 | |a CIICLA | ||
| 082 | |a CR862.4 |b R875ge | ||
| 100 | |9 88 |a Rovinski Gruszko, Samuel, |d 1932-2013 | ||
| 245 | 1 | 0 | |a Génesis / |c Samuel Rovinski |
| 250 | |a 1. edición | ||
| 260 | |a San José, Costa Rica : |b Editorial Costa Rica |c 2007 | ||
| 300 | |a 90 páginas | ||
| 500 | |a "Premio Editorial Costa Rica, Teatro, 2006" | ||
| 650 | 7 | |9 76 |a LITERATURA COSTARRICENSE |v TEATRO | |
| 942 | |2 ddc |c BK | ||
| 999 | |c 3385 |d 3385 | ||



